Statistiken für Länder in der Nähe von Kosovo - einminütiger Sprint

Klicken Sie hier um das Quiz zu spielen!

Allgemein

  • Dieses Quiz wurde 104 mal gespielt
  • Das Durchschnittsergebnis liegt bei 15 aus 20

Antwortstatistiken

kmLand% Korrekt
0Serbien
100%
0Albanien
94%
0Montenegro
93%
114Griechenland
90%
128Kroatien
87%
0Nordmazedonien
86%
54Bulgarien
85%
478Slowenien
85%
96Bosnien und
Herzegowina
83%
156Rumänien
83%
253Italien
80%
318Ungarn
79%
389Türkei
75%
525Österreich
69%
527Slowakei
56%
547Ukraine
51%
601Moldawien
48%
622San Marino
39%
628Vatikanstadt
38%
658Polen
31%

Verteilung der Resultate

Perzentil nach korrekt beantworteten Fragen

Anzahl Personen mit jedem Resultat

Ihre Resultats-Entwicklung

Sie haben dieses Quiz noch nicht gespielt